Eric J. GOLDBERG, Struggle for Empire. Kingship and Conflict under Louis the German, 817–876, Ithaca, Cornell U.P., 2006 ; 1 vol. in-8o, XXI–388 p. (Conjunctions of Religion and Power in Medieval Past). ISBN : 0-8014-3890-X. Prix : USD 47,50 ; GBP 26,95. (notice n° 1603807)
[ vue normale ]
| 000 -LEADER | |
|---|---|
| fixed length control field | 00682cam a2200145 4500500 |
| 005 - DATE AND TIME OF LATEST TRANSACTION | |
| control field | 20251228092856.0 |
| 041 ## - LANGUAGE CODE | |
| Language code of text/sound track or separate title | fre |
| 042 ## - AUTHENTICATION CODE | |
| Authentication code | dc |
| 100 10 - MAIN ENTRY--PERSONAL NAME | |
| Personal name | Depreux, Philippe |
| Relator term | author |
| 245 00 - TITLE STATEMENT | |
| Title | Eric J. GOLDBERG, Struggle for Empire. Kingship and Conflict under Louis the German, 817–876, Ithaca, Cornell U.P., 2006 ; 1 vol. in-8o, XXI–388 p. (Conjunctions of Religion and Power in Medieval Past). ISBN : 0-8014-3890-X. Prix : USD 47,50 ; GBP 26,95. |
| 260 ## - PUBLICATION, DISTRIBUTION, ETC. | |
| Date of publication, distribution, etc. | 2012.<br/> |
| 500 ## - GENERAL NOTE | |
| General note | 4 |
| 786 0# - DATA SOURCE ENTRY | |
| Note | Le Moyen Age | CXVII | 3 | 2012-04-14 | p. 651u-678u | 0027-2841 |
| 856 41 - ELECTRONIC LOCATION AND ACCESS | |
| Uniform Resource Identifier | <a href="https://shs.cairn.info/revue-le-moyen-age-2011-3-page-651u?lang=fr&redirect-ssocas=7080">https://shs.cairn.info/revue-le-moyen-age-2011-3-page-651u?lang=fr&redirect-ssocas=7080</a> |
Pas d'exemplaire disponible.




Réseaux sociaux